000 00775nam a22002537a 4500
001 8667
003 FISKH
005 20251009101603.0
008 251009b cb ||||| |||| 00| 0 eng d
040 _aFISKH
_bkhr
_cFISKH
_dFISKH
050 _aPZ7
082 _a631.521
100 _aMinistry of Education, Youth and Sport
245 _aគ្រាប់ពូជ /
_cក្រសួងអប់រំ យុវជន និងកីឡា​
260 _aPhom Penh :
_bBelgian Development Cooperation ,
300 _a16 pages :
_bcolor illustrations ;
_c25 cm .
505 _aK
521 8 _a510
_bLexile estimate
521 8 _aK
_bRaz-Plus
650 _aគ្រាប់ពូជ
650 _aSeeds
942 _2ddc
_cKHB
_n0
999 _c8667
_d8667